000 01050nam a22003497a 4500
001 BR2020000090
003 BR-BrBNA
005 20230928105502.0
007 ta
008 230509b bl.||||| |||| 00| 0 por d
020 _a978-85-63312-85-3
040 _aBR-BrBNA
_bpor
_cBiblioteca Nacional de Agricultura
041 _a(Eng, Por)
072 _aK50; E14; E50
_b2480
090 _ 2480 BR2020000090
100 1 _aSamonek, F. (org.)
100 1 _aAmaral, A.J.P. (org.)
100 1 _aPaiva, R.A. (org.)
100 1 _aDamasceno, M.Z.M. (org.)
245 1 _aOs encauchados, na visão da academia
_bColeção Encauchados de Vegetais da Amazônia; v. 2
260 3 _aBelém, PA (Brasil):
_bSupercores,
_c2016.
300 _a124 p.
500 _aSummaries (Eng, Por); 31 illus.; 9 graphs: 6 tables
650 _aPRODUTO DE ORIGEM VEGETAL
650 _aPLANTA PRODUTORA DE BORRACHA
650 _aSERINGUEIRA
650 _aCAUCHO
650 _aLÁTEX
650 _aAMAZÔNIA
909 _a202309
_bLucia
_c55
_dLucia Elande
942 _cBK
999 _c85346
_d85346